| 000 | 00477nam a2200193 a 4500 | ||
|---|---|---|---|
| 001 | 1758716318181 | ||
| 003 | ACL | ||
| 005 | 20250924175548.0 | ||
| 008 | 250924s2010##################000#0#eng## | ||
| 020 | _a9780812977974 | ||
| 082 | 0 | 4 |
_a796.357092 _bTYE |
| 100 | 1 |
_aTye, Larry, _eauthor. |
|
| 245 | 1 | 0 | _aSatchel : |
| 260 |
_bRandom House Trade Paperbacks, _c2010. |
||
| 300 | _a434 pages | ||
| 650 | 0 | _aSports & Recreation. | |
| 942 | _cENGLISH | ||
| 040 |
_aACL _beng _cACL |
||
| 999 |
_c589471 _d589471 |
||